=LDR 00000nam 2200000 4500 =001 INLIS000000000035438 =005 20130612141308 =008 ***********************************ind** =035 ##$$0010-061300000035438 =041 ##$$a ind =082 ##$$a 530.3 =090 ##$$a R.530.3, Sri e =100 ##$$a Sri Suyati =245 ##$$a Ensiklopedia fisika, Getaran golongan dan bunyi, Sri Soeyati,Agus salam =260 ##$$a 2007 $b Bekasi =300 ##$$a ...Jil, Ilus, 30 cm =650 ##$$a Fisika, Ensiklopedia =700 ##$$a Salam Agus =850 ##$$a NBPNMAT